Sadowa (Record no. 553369)
[ view plain ]
| 000 -LEADER | |
|---|---|
| fixed length control field | 00960cam a2200217K 4500 |
| 082 ## - DEWEY DECIMAL CLASSIFICATION NUMBER | |
| Classification number | 940.27 |
| Author Mark | BON |
| 100 1# - MAIN ENTRY--PERSONAL NAME | |
| Personal name | Bonnal, Henri, |
| 9 (RLIN) | 50616 |
| 245 10 - TITLE STATEMENT | |
| Title | Sadowa |
| Statement of responsibility, etc. | a study by General H. Bonnal; translated from the French by C.F. Atkinson. |
| 260 ## - PUBLICATION, DISTRIBUTION, ETC. | |
| Place of publication, distribution, etc. | London, |
| Name of publisher, distributor, etc. | Hugh Rees, |
| Date of publication, distribution, etc. | 1907. |
| 300 ## - PHYSICAL DESCRIPTION | |
| Extent | 1 online resource (xiii, 255 p.) |
| Other physical details | 21 fold. maps. |
| 490 0# - SERIES STATEMENT | |
| Series statement | The Pall Mall military series |
| 500 ## - GENERAL NOTE | |
| General note | "The present strategical study ... is a résumé, written in 1894, of a number of lectures delivered to the officers of the Staff College."--Author's pref. |
| 500 ## - GENERAL NOTE | |
| General note | The maps are in a pocket at end of volume. |
| 526 ## - STUDY PROGRAM INFORMATION NOTE | |
| Program name | 0 |
| Interest level | 0 |
| Reading level | 0 |
| Title point value | 940_270000000000000_BON |
| 650 #0 - SUBJECT ADDED ENTRY--TOPICAL TERM | |
| Topical term or geographic name entry element | Austro-Prussian War, 1866. |
| 9 (RLIN) | 50280 |
| 650 #0 - SUBJECT ADDED ENTRY--TOPICAL TERM | |
| Topical term or geographic name entry element | Königgrätz, Battle of, Sadová, Czech Republic, 1866. |
| 9 (RLIN) | 50617 |
| 650 #0 - SUBJECT ADDED ENTRY--TOPICAL TERM | |
| Topical term or geographic name entry element | MCE |
| 9 (RLIN) | 379 |
| 700 1# - ADDED ENTRY--PERSONAL NAME | |
| Personal name | Atkinson, Charles Francis, |
| 9 (RLIN) | 46050 |
| 856 40 - ELECTRONIC LOCATION AND ACCESS | |
| Uniform Resource Identifier | <a href="http://catalog.hathitrust.org/api/volumes/oclc/2871834.html">http://catalog.hathitrust.org/api/volumes/oclc/2871834.html</a> |
| 942 ## - ADDED ENTRY ELEMENTS (KOHA) | |
| Source of classification or shelving scheme | |
| Koha item type | Book |
| Withdrawn status | Lost status | Source of classification or shelving scheme | Damaged status | Not for loan | Permanent Location | Current Location | Shelving location | Date acquired | Total Checkouts | Full call number | Barcode | Date last seen | Price effective from | Koha item type |
|---|---|---|---|---|---|---|---|---|---|---|---|---|---|---|
| Military College of Engineering (MCE) | Military College of Engineering (MCE) | 02/09/2015 | 940.27 BON | MCE-ECS/97 | 02/09/2015 | 02/09/2015 | Book |
